Séries TV par paroles du générique - Statistiques

Statistiques générales
  • Ce quiz a été pris 368 fois
  • Le résultat moyen est 8 sur 20
Statistiques - réponses
Hint Réponse % Correct
"A chaque choix on pari contre le sort. Pas le choix faut y’aller. Dis leur que j’ai pas le temps. On fait des plans pour s’en sortir..." Prison Break
72%
"Yes, no, maybe, I don't know / Can you repeat the question ? / You're not the boss of me now..." Malcolm
71%
"On est vraiment rien sans elle, Qu'on soit noir ou blanc, Si on tend la main pour elle..." Plus Belle la Vie
70%
"Quand les bandits sont tous en cavale..En voiture c'est poursuites infernales. Mais Huggy sait où ils sont cachés.. pour les arrêter..." Starsky et Hutch
66%
"Seventh heaven, when I see their happy faces, Smilin' back at me, Seventh heaven.." 7 à la Maison
65%
"Our whole universe was in a hot, dense state. Then nearly fourteen billion years ago expansion started, wait..." The Big Bang Theory
53%
"Toujours plus loin, plus fort, plus vite...." Extrême Limite
40%
"Love, Exciting and new, Come aboard, We're expecting you / And love, Life's sweetest reward, Let it float, It floats back to you..." La Croisière s'amuse
40%
"If I stay with you, if I'm choosing wrong, I don't care at all. If I'm losing now, but I'm winning late : that's all I want....I don't care at all.." La Casa de Papel
35%
"Who are you? Who, who, who, who? Who are you? Who, who, who, who ?... " Les Experts
30%
"On croit la vie bien plus belle ailleurs, en quoi serait-elle meilleure...." Sous le Soleil
29%
"So no one told you life was gonna be this way, Your job's a joke, you're broke, your love life's DOA, It's like you're always stuck in second gear..." Friends
27%
"California, here we come. Right back where we started from...californiaaaaaa...." Newport Beach
26%
"Now, this is a story all about how ; My life got flipped-turned upside down ; And I'd like to take a minute ; Just sit right there..." Le Prince de Bel-Air
25%
"D'aventure en aventure, je poursuis mon chemin. Et je prends la vie comme elle vient car je crois au destin..." L'Homme qui tombe à pic
25%
"Make me beautiful ...Make me ....Perfect soul, Perfect mind, Perfect face, A perfect lie." Nip/Tuck
23%
"I am the son. And the heir. Of a shyness that is criminally vulgar. I am the son and heir. Of nothing in particular. You shut your mouth. How can you say.." Charmed
20%
"I don't want to wait.. For our lives to be over, I want to know right now what will it be..." Dawson
17%
"Some people stand in darkness. Afraid to step into the light. Some people need to help somebody when the edge of surrender is in sight..." Alerte à Malibu
12%
"The dream got broken ; seemed like all was lost. What would be the future ? Could you pay the cost ? Notre Belle Famille
7%
Aucun quiz correspondant
Distribution des résultats
% des personnes avec chaque résultat
Percentile par nombre de réponses
Votre historique - résultats
Vous n’avez pas pris ce quiz